000 00394 a2200121 4500
082 _a777
_bD353p
100 _aDeligny, Fernand
_9844
245 _aPermitir trazar ver
260 _aBarcelona
_bMuseu d'Art Contemporani
_c2009
300 _a139 p
_bill (col)
_c22.5 cm
650 _aarte
_xdirector-productor cinematografico
_xniǫs artistas
_xprofesor de arte
_zFrancia
_9845
700 _aFernand Deligny
_9846
999 _c176
_d176